000 00285nam a22001337a 4500
008 170612b xxu||||| |||| 00| 0 eng d
020 _a9780713164206
041 _aeng
080 _a32
100 _a19
101 _aSHP
245 _aTHE SOVIET SCENE
_cBATER, J.H
942 _2udc
_cBK
999 _c17003
_d17003